000 00916nam a22002297a 4500
999 _c12897
_d12897
003 AR-CdUCM
008 190410b ||||| |||| 00| 0 spa d
040 _aMUNICIPALIDAD PROVINCIAL DEL CUSCO
_cBIBLIOTECA MUNICIPAL DEL CUSCO
082 _a335.4309597 /
_bT83 / 1972
100 _aTruong, Chinh
_931012
245 _aEl marxismo vietnamita /
260 _aMéxico D. F. :
_bGrijalbo,
_c1972.
300 _a159 páginas ;
_c18 cm.
440 _aColecciones 70.
_n113
_931013
500 _aVersión al español de "Ediciones en lenguas extranjeras" Hanoi.
505 _aContenido: Carlos Marx -- ¿Como aplico nuestro partido el marxismo-leninismo en Vietnam? -- Adelante bajo la bandera del marxismo-leninismo -- La experiencia revolucionaria Vietnamita ...
650 _aMarxismo
_924
650 _aPolítica y gobierno
_92693
650 _aLeninismo
_9845
942 _2ddc
_cLIBROS
945 _aachl
_d2019-04-10